|
|
|
|
| LEADER |
00000nam a2200000 a 4500 |
| 001 |
vtls010585320 |
| 003 |
SK-MaSNL |
| 005 |
20260301090509.0 |
| 008 |
240314s1956 xo 000 0 slo |
| 015 |
|
|
|a SNBA1956
|
| 040 |
|
|
|a SNK
|b slo
|c SNK
|e AACR2
|
| 041 |
0 |
|
|a slo
|
| 044 |
|
|
|a xo
|c SK
|
| 080 |
|
|
|a 678.5
|2 2001
|
| 080 |
|
|
|a 542.1
|2 2001
|
| 100 |
1 |
|
|a Michálek, František
|4 aut
|9 418377
|
| 245 |
1 |
0 |
|a Plastické hmoty ako konštrukčné materiály chemických aparatúr
|c František Michálek
|
| 260 |
|
|
|a Bratislava
|b Dom techniky, Sekcia technických vied
|c 1956
|
| 650 |
0 |
7 |
|a plastické hmoty
|2 SNK
|9 281645
|
| 650 |
0 |
7 |
|a chemické aparatúry
|2 SNK
|9 418378
|
| 655 |
|
7 |
|a prednášky
|2 SNKPH
|9 70554
|
| 958 |
|
|
|a OND
|
| 999 |
|
|
|c 668331
|d 670261
|
| 952 |
|
|
|a SNK
|b SNK
|y PREZ
|7 0
|p 17A0823571
|o snkSB 41667
|i snkD 859/87
|8 1
|0 0
|1 0
|4 0
|d 2014-03-25
|f 1
|l 0
|r 2025-04-30 00:00:00
|w 2026-02-23
|